000 01505cam a22002054a 4500
005 20250605164235.0
008 250528s ||||||||||||||||||||||||d
035 _a21109
020 _a9780716750079
040 _aGR-AtMCL
_bgre
_dGR-AtMCL
_eAACR2
245 1 _aStatistics for the Behavioral Sciences
260 _bWorth Publishers,
_c2008
300 _a842
520 _aPreface, An Introduction to Statistics and Research Design: The Basic Elements of Statistical Reasoning, Descriptive Statistics: Organizing and Summarizing and Graphing Individual Variables, Visual Displays of Data: Graphs That Tell a Story, Probabilities and Research: The Risks and Rewards of Scientific Sampling, Correlation: Quantifying the Relation Between Two Variables, Regression: Tools for Predicting Behavior, Inferential Statistics: The Surprising Story of the Normal Curve, Hypothesis Testing with z Tests: Making Meaningful Comparisons, Hypothesis Testing with t Tests: Comparing Two Groups, Hypothesis Testing with One-Way ANOVA: Comparing Three or More Groups, Two-Way ANOVA: Understanding Interactions, Beyond Hypothesis Testing: Confidence Intervals and Effect Size and Power, Chi-Square: Expectations Versus Observations, Beyond Chi-Square: Nonparametric Tests with Ordinal Data, Choosing a Statistical Test and Reporting the Results: The Process of Statistics, Appendices, Index.
700 1 _aHeinzen Thomas E
_97136
700 1 _aNolan Suzan A
_97137
942 _cBK
999 _c6178
_d6178